000 00547nam a2200157 a 4500
008 120416s0000 ||||||||||||||||| || u
020 _a0231020953
050 _aTH 2101 Tho
100 _aThornley, J. H
245 1 0 _aFoundation design and practice
246 _aan economic view
260 _aNew York
_bColumbia University Press
_c1959
300 _axi, 295p. : ill.
350 _a0.00
995 _D0.00
_FCBU-MAIN LIBRARY (Kitwe)
_H1
_I7.50
_M1
_UAVAILABLE
_ZAnnex Low-Usage Collection
999 _c43864
_d43864